| 000 | 01581nam a22002177a 4500 | ||
|---|---|---|---|
| 001 | 3081 | ||
| 003 | FISKH | ||
| 005 | 20240205093541.0 | ||
| 008 | 240205b cb ||||| |||| 00| 0 eng d | ||
| 020 | _a9780743244589 | ||
| 040 |
_aFISKH _beng _cFISKH _dFISKH |
||
| 050 | _aML420.D98 | ||
| 082 | _a782.42164092 | ||
| 100 |
_aDylan, Bob _d1941- |
||
| 245 |
_aBob Dylan : _bchronicles volume one |
||
| 260 |
_aSimon & Schuster paperback edition _bSimon & Schuster, _c2005 |
||
| 300 |
_a293 pages : _b21 cm |
||
| 490 |
_aChronicles _vVolume One |
||
| 520 | _aThrough Dylan's eyes and open mind, we see Greenwich Village, circa 1961, when he first arrives in Manhattan. Dylan's New York is a magical city of possibilities -- smoky, nightlong parties; literary awakenings; transient loves and unbreakable friendships. Elegiac observations are punctuated by jabs of memories, penetrating and tough. With the book's side trips to New Orleans, Woodstock, Minnesota and points west, Chronicles: Volume One is an intimate and intensely personal recollection of extraordinary times. By turns revealing, poetical, passionate and witty, Chronicles: Volume One is a mesmerizing window on Bob Dylan's thoughts and influences. Dylan's voice is distinctively American: generous of spirit, engaged, fanciful and rhythmic. Utilizing his unparalleled gifts of storytelling and the exquisite expressiveness that are the hallmarks of his music, Bob Dylan turns Chronicles: Volume One into a poignant reflection on life, and the people and places that helped shape the man and the art. | ||
| 942 |
_2ddc _cBK _n0 |
||
| 999 |
_c3081 _d3081 |
||